Effective motivation : how to get extraordinary results from everyone
Saved in:
| Main Author: | |
|---|---|
| Format: | Book |
| Language: | English |
| Published: |
London :
Pan Books,
c1996
|
| Subjects: | |
| Tags: |
Add Tag
No Tags, Be the first to tag this record!
|
MARC
| LEADER | 00000nam a2200000 i 4500 | ||
|---|---|---|---|
| 001 | 1/64468 | ||
| 008 | 980806s1996 eng d | ||
| 020 | |a 0330344765 | ||
| 035 | |l 10029431 | ||
| 040 | |a GR-MY-UA |b gre |e aacr | ||
| 041 | 0 | |a eng | |
| 082 | 0 | |a 658 | |
| 100 | 1 | |a Adair, John Eric |d 1934- | |
| 245 | 1 | 0 | |a Effective motivation : |b how to get extraordinary results from everyone / |c John Adair |
| 260 | |a London : |b Pan Books, |c c1996 | ||
| 300 | |a 244 p. | ||
| 504 | |a Includes index | ||
| 650 | 0 | 0 | |a Management. |
| 852 | |a INST |b CHIOS |e 19980806 |h 658 ADA |p 005200016015 |q 005200016015 |t BK |y 0 | ||
| 901 | |a BIBL-1998-2 | ||
| 909 | |a Χ |b 058237 | ||
| 922 | |a 2ΕΛΗ |b 199806 |c ΤΔΕ |d ΠΑΠΑΣΩΤΗΡΙΟΥ | ||